| 000 | 00620nam a22002177a 4500 | ||
|---|---|---|---|
| 005 | 20130523123826.0 | ||
| 010 | _aENG-107257 | ||
| 020 |
_a9781259029974 _c450.00 |
||
| 020 |
_a1259029972 _c450.00 |
||
| 035 | _aEN-90790 | ||
| 037 | _bDBAD/PUB | ||
| 082 | _a627 | ||
| 100 | _aSubramanya, K. | ||
| 245 |
_aEngineering hydrology / _cby K Subramanya |
||
| 250 | _a4th ed | ||
| 260 |
_aNew Delhi _bTata McGraw Hill _c2013 |
||
| 270 |
_aP-24, Green Park Park, Extention _bNew Delhi _e110095 |
||
| 300 |
_axvi, 534p.: _bill.,maps _c24cm(pbk) |
||
| 500 | _aIncludes index | ||
| 942 |
_2ddc _cEN _h627 _mSUB |
||
| 999 |
_c75911 _d75911 |
||